Najpopularniejsi raperzy w tym tygodniu . 18-24.12 - Statystyki

Ogólne statystyki
  • Ten quiz został rozwiązany 22 razy
  • Średni wynik to 7 z 15
Statystyki odpowiedzi
Wyświetlenia Raper % Poprawnych
4.62M Bedoes
81%
5.93M Quebonafide
71%
2.33M Mata
67%
5.64M Szpaku
67%
5.33M Kizo
62%
2.30M Żabson
62%
3.14M Sobel
52%
8.47M Guzior
48%
3.74M Kabe
48%
3.76M Paluch
48%
3.94M Tymek
43%
4.59M Kali
38%
5.23M Major SPZ
24%
3.10M Kubańczyk
10%
2.68M Trill Pem
10%
Nie znaleziono quizów pasujących do podanych kryteriów
Rozkład punktacji
Procent ludzi z każdym wynikiem
Percentyl według liczby udzielonych odpowiedzi
Twoja historia wyników
Nie rozwiązałeś tego quizu